| 000 | 00635nam a2200229 a 4500 | ||
|---|---|---|---|
| 001 | 13947 | ||
| 003 | CO-ViMGA | ||
| 008 | 141112s2004 ck r 000 u spa d | ||
| 020 | _a8484033341 | ||
| 040 |
_aCO-ViMGA _bspa _cCO-ViMGA |
||
| 082 | 0 | 4 | _a796 S547p |
| 100 | 1 |
_aSmith, Samuel _920354 |
|
| 245 | 1 | 0 | _aPracticar un deporte |
| 260 |
_aMadrid : _bEdimat Libros, _c1999 |
||
| 300 | _a189 | ||
| 490 | _aLibro de Oro : Deportes | ||
| 590 | _aForma de adquisición : Compra | ||
| 650 | 1 | 4 |
_aDEPORTES _948158 |
| 650 | 1 | 4 |
_aDEPORTES - ASPECTOS FISIOLOGICOS _920355 |
| 650 | 1 | 4 |
_aDEPORTES - PREPARACION FISICA _920356 |
| 942 |
_2ddc _cBK |
||
| 999 |
_c24648 _d24648 |
||